Statistics for Deadliest Animals: Australia

Click here to take the quiz!

General Stats

  • This quiz has been taken 24 times
  • The average score is 10 of 30

Answer Stats

RankDeadly RatingScientific nameAnimal% Correct
110/10chironex fleckeriBox Jellyfish
70%
68/10Crocodylus porosusSaltwater Crocodile
70%
177/10Carcharodon carchariasGreat White Shark
65%
78/10Atrax robustusSydney Funnel Web Spider
60%
236/10Oxyuranus microlepidotusInland Taipan
55%
167/10Notechis scutatusTiger Snake
55%
48/10Carcharhinus leucasBull Shark
50%
246/10Lactodectus hasseltiRedback Spider
50%
87/10Genus HapalochlaenaBlue Ringed Octopus
45%
58/10Pseudonaja textilisEastern Brown Snake
45%
97/10Oxyuranus scutellatusCoastal Taipan
40%
157/10Galeocerdo cuvierTiger Shark
40%
107/10Acanthopis antarticusComman Death Adder
35%
256/10Synanceia verrucosaReef Stonefish
35%
206/10Pterois volitansCommon Lionfish
30%
117/10Conus sp.Cone Snail
30%
29/10Apis melliferaHoney Bee
30%
137/10Pseudechis australisMulga Snake
25%
147/10Pseudechis porphyriacusRed Bellied Black Snake
25%
295/10Myrmercia pilosulaBulldog ant
20%
216/10Pseudechis collettiCollett's Snake
20%
285/10Ixodes holocyclusAustralian Paralysis Tick
10%
276/10Pseudechis guttatusBlue Bellied Black Snake
10%
196/10Physalia physalisBlue Bottle
10%
305/10Ethmostigmus rubripesGiant Centipede
10%
226/10Austrelaps ramsayiHighland Copperhead
10%
39/10Carukia barnesiIrukandji
10%
266/10Tetractenos glaberSmooth Toadfish
10%
127/10Pseudonaja affinisSpotted Brown Snake
5%
187/10Pelamis platurusYellow Bellied Sea Snake
5%

Score Distribution

Percentile by Number Answered

Percent of People with Each Score

Your Score History

You have not taken this quiz